[Event "London Classic 11th"]
[Site "London"]
[Date "2019.12.04"]
[Round "1.9"]
[White "Carlsen, Magnus"]
[Black "Vachier Lagrave, Maxime"]
[Result "0-1"]
[WhiteElo "2872"]
[BlackElo "2780"]
[Annotator "Edouard,Romain"]
[PlyCount "164"]
[EventDate "2019.12.02"]
[EventType "k.o."]
[EventRounds "2"]
[EventCountry "ENG"]
[SourceTitle "CBM 194"]
[Source "ChessBase"]
[SourceDate "2020.01.27"]
[SourceVersion "1"]
[SourceVersionDate "2020.01.27"]
[SourceQuality "1"]

1. e4 {Edouard,Romain} c5 2. Nf3 d6 3. d4 cxd4 4. Nxd4 Nf6 5. Nc3 a6 6. Bg5 e6 7. f3 h6 8. Be3 b5 9. a3 $5 Nbd7 10. Qd2 Bb7 11. O-O-O ({RR} 11. g4 d5) 11... h5 ({RR} 11... Rc8) ({RR} 11... d5 12. exd5 Nxd5 13. Nxd5 Bxd5 14. Nf5 ({RR} 14. Kb1)) ({RR} 11... Rc8 12. Kb1 h5 13. h3 Be7 14. Rg1 h4 15. g4 hxg3 16. Rxg3 g6 17. Bd3 Qc7 18. f4 Nc5 19. Qg2 Ba8 20. Nde2 d5 21. Bxc5 Bxc5 22. exd5 Nxd5 23. Nxd5 Bxd5 24. Be4 Bc4 25. b3 Bxe2 26. Qxe2 {Mac Farlane Patrick,R (1993)-Acosta Guerrero,Y (2120) Santa Clara CUB 2025 1-0 (62)}) 12. Kb1 Be7 13. Rg1 $1 $146 {A huge improvement on 13.Qe1, previously played by Carlsen.} ({RR} 13. Qe1 Rc8 14. Rg1 Qc7 15. g3 ({RR} 15. Be2 d5) 15... Ne5 ({RR} 15... d5 16. Bf4 ({RR} 16. exd5 Nxd5 17. Nxd5 Bxd5 18. Nf5 Qxc2+) 16... e5 17. exd5 Nxd5 18. Nxd5 Bxd5 19. Rg2 ({RR} 19. Bh3 O-O 20. Bxd7 Qxd7 21. Bxe5 Bc5) 19... exf4 20. Nf5 Nf6 21. Re2 Be6 22. Nxg7+ Kf8 23. Nxe6+ fxe6 24. Bh3 Rd8) 16. Rg2 O-O ({RR} 16... Nfd7) 17. h3 d5 18. f4 Nc4 19. e5 ({RR} 19. Bxc4 dxc4) 19... Nxe3 20. Qxe3 Ne4 21. Nxe4 dxe4 22. Re2 ({RR} 22. h4 Rfd8 23. g4 Bc5 24. c3 ({RR} 24. gxh5 Bxd4 25. Rxd4 Rxd4 26. Qxd4 e3 27. Re2 Rd8) 24... Bxd4 25. cxd4 hxg4) 22... Bd5 ({RR} 22... Rfd8 23. Bg2 b4 24. axb4 Bxb4) 23. Bg2 Qc4 24. Nb3 Bc5 25. Nxc5 Qa2+ 26. Kc1 Rfd8 27. c4 ({RR} 27. Bxe4 Qa1+ 28. Kd2 Bxe4+ 29. Nd3 Qxb2 30. Qxe4 Rc4 31. Qf3 Qc3+ ({RR} 31... Rxd3+ 32. Qxd3 Rd4) 32. Ke3 Qd4+) ({RR} 27. c3 Qa1+ 28. Kc2 Bb3+ 29. Kxb3 Qxd1+ 30. Ka2 Rxc5) 27... bxc4 {Carlsen,M (2872)-Vachier Lagrave,M (2780) London 2019 CBM 194 [Edouard,Romain] ½-½ (32)} ({RR} 27... Bxc4 28. Rxd8+ Rxd8 29. Rd2) {RR} 28. Na4 ({RR} 28. b4 Qa1+ 29. Kc2 Qa2+) 28... Bc6 29. Rxd8+ Rxd8 30. Nc3 Qa1+ 31. Nb1 ({RR} 31. Kc2 Ba4+ 32. Nxa4 Qd1+ 33. Kc3 Qb3#) 31... Rd3 32. Qg1 Ba4 33. Bxe4 Bb3 34. Bxd3 cxd3 35. Re1 ({RR} 35. Rd2 Ba2) 35... Ba2 36. Qd4 Qxb1+ 37. Kd2 Qc2+ 38. Ke3 Bd5 39. Qxd3 Qg2) 13... Rc8 14. Be2 $146 ({RR} 14. Qe1 g6 15. Bc1 Qc7 16. g4 e5 17. g5 exd4 18. gxf6 Bxf6 19. Nd5 Qxc2+ 20. Ka2 Bxd5+ 21. exd5+ Kf8 22. Bh3 Re8 23. Qb4 Ne5 24. Qxd6+ Kg7 25. Qb4 Nc4 26. f4 Re3 27. Bxe3 dxe3 28. Rb1 Qxh2 {Papadiamandis,E (2134)-Mendonca,L (2538) Budapest 2021 0-1 (43)}) ({RR} 14. Qe1 g6 15. Bc1 Qc7 16. g4 e5 17. g5 exd4 18. gxf6 Bxf6 19. Nd5 Qxc2+ 20. Ka2 Bxd5+ 21. exd5+ Kf8 22. Bh3 Re8 23. Qb4 Ne5 24. Qxd6+ Kg7 25. Qb4 Nc4 26. f4 Re3 27. Bxe3 dxe3 28. Rb1 Qxh2 {Papadiamandis,E (2134)-Mendonca,L (2538) Budapest 2021 0-1 (43)}) 14... Nb6 (14... Ne5 $5 {is definitely worth consideration.}) 15. Qe1 $1 {Now that move makes sense - as White already threatens to push e5.} Nfd7 (15... Qc7 {definitely makes sense too. A logical follow-up would be} 16. Qg3 Nc4 17. Bxc4 bxc4 {while} 18. Qxg7 $2 {would allow} Rg8 19. Qh6 e5 $1 {with the idea} 20. Nf5 Rg6 21. Qh8+ Kd7 $19) 16. g4 {Logical, once the knight is gone from f6 - so White can recapture on g4 with his rook.} hxg4 17. Rxg4 Bf8 $6 {It is rarely very good to set your pieces ready for the next game! Several moves lead to unclear positions here.} (17... g6 $5 18. Rxg6 {(the move MVL admitted to have overlooked beforehand)} Rxc3 $1 (18... e5 19. Qg1 $1 exd4 20. Bxd4 Rf8 21. e5 {is also a mess, but could go wrong for Black}) (18... fxg6 $4 19. Nxe6 $18) 19. Nxe6 (19. Qxc3 Na4 $1 20. Qd2 fxg6 21. Nxe6 Qc8 $13) 19... Qc8 $8 {And now the engine suggests a fun drawing line:} 20. Ng7+ Kf8 21. Rh6 Rxh6 22. Bxh6 Rxc2 23. Nf5+ Ke8 24. Nxe7 Kxe7 25. Qh4+ f6 26. Bf4 Rxb2+ 27. Kxb2 Na4+ 28. Kb1 Nc3+ 29. Kb2 Na4+ $11) (17... Rh7 $5 {also looks playable. Any time the queen leaves its protection of the c3-knight, Black will sac on c3 and play ...Na4.}) (17... Kf8 $5 {also looks reasonable, if} 18. Qg3 {then} Nf6 $1 19. Rxg7 Nh5 20. Bh6 $8 Nxg3 21. Rh7+ Kg8 22. Rg7+ Kf8 $11 {is another fun draw!}) ({Even} 17... g5 {is suggested by the engine, but it looks somewhat more suspicious.}) 18. Rg2 {Not the most percussive move, although Black's position remains unpleasant to play.} (18. Bg5 $1 Qc7 19. Rh4 {exchanging Black's very important h8-rook (that had both an attacking and defensive role) was very disturbing.}) 18... Ne5 19. f4 (19. Bc1 $5 {was an interesting way to wait for Black to put a piece on the c-file, so ...Rxc3 becomes impossible.} Qc7 (19... Nec4 $2 20. b3 $16) 20. Qg1 $1 Nbc4 21. b3 Nxa3+ 22. Bxa3 Qxc3 23. Rxg7 $1 $40) 19... Nec4 20. Bc1 Qc7 21. Bxc4 (21. Rd3 $5) 21... Nxc4 22. Rd3 g6 $5 {Black needs to activate his f8-bishop!} 23. b3 Bg7 {It is important to keep the tension. Retracting the c4-knight would allow Bb2, after which White would have no attacking prospects.} (23... Nb6 24. Bb2) 24. Qd1 (24. bxc4 bxc4 {(...Qb6+)} 25. Nxe6 $8 {(or 24.Nxe6 first)} fxe6 26. Rdg3 {would be another critical line.}) 24... Qa5 $6 {Tempting but wrong.} ({Black had to play the more quiet} 24... Qb6 {to "defend" the c4-knight.}) 25. f5 $2 {Bluff? But it did work!} (25. Nxe6 $1 {was powerful:} fxe6 (25... Bxc3 26. bxc4 bxc4 27. Rxc3 Qxc3 28. Qxd6 $1 $18) 26. bxc4 $1 Bxc3 (26... bxc4 27. Rxd6 Qxc3 28. Rxe6+ Kf7 29. Qd7+ Kg8 30. Re5 $1 $18) 27. Rxd6 {and Black may survive the attack, but will remain worse, e.g.} Rc6 28. Rxg6 Rxd6 29. Qxd6 Bc8 30. Qb8 Qd8 31. f5 bxc4 32. fxe6 Bxe6 33. Qxd8+ Kxd8 34. Rxe6 Rxh2 35. Bb2 $1 $16) 25... Ne5 $2 ({Black should have taken the offered pawn with} 25... exf5 $1 {- after} 26. Re2 f4 $5 {it would be difficult for White to continue his attack.}) ({Of course not} 25... Nxa3+ $2 26. Bxa3 Qxa3 27. fxg6 $40) 26. b4 (26. fxg6 {was strong as well, if} Rxc3 27. gxf7+ Kxf7 {White has several wins, for example} 28. Rxg7+ $1 Kxg7 29. Nxe6+ Kf7 30. Rxd6 $18) 26... Qb6 27. fxg6 $1 {After that move, Black's position collapses. Maxime's best chance then was the clock: with around 8 minutes vs. 3.} Nxg6 (27... Nxd3 28. gxf7+ Kxf7 29. Rxg7+ $1 Kxg7 30. Qg4+ {with a devastating attack.}) 28. Be3 {The easy option.} (28. Nxe6 {was the hard one:} Bxc3 29. Rxd6 Rc6 (29... Bc6 30. Rxg6 $1 fxg6 31. Ng5 $5 $18) 30. Rd8+ Ke7 31. Bg5+ {followed with Qd7#.}) 28... Bh6 29. Ndxb5 {Logical, but not the strongest.} (29. Bg1 {was the simple option, keeping bishops alive.}) (29. Nxe6 $1 {was again the hard one:} Bxe3 30. Rxd6 Rc6 (30... Bc6 31. Nd5 $18) 31. Rd8+ Ke7 32. Qd7+ Kf6 33. e5+ $1 {and mate to follow.}) 29... Bxe3 30. Nxd6+ Ke7 31. Nxb7 $2 {Slowly Magnus is giving Black practical chances.} ({The strongest move was pretty hard to find:} 31. Nxf7 $1 Kxf7 32. Rd7+ Kf6 33. Qf3+ Bf4 34. Ne2 $1 e5 35. Nxf4 exf4 (35... Nxf4 36. Qg4 $18) 36. Rxb7 $1 Qxb7 37. e5+ {and wins.}) 31... Ne5 $5 {A good practical try.} ({After} 31... Qxb7 32. Rxe3 {Black wouldn't be without chances, but objectively he shouldn't be able to prove compensation for the two pawns.}) 32. Rxe3 Nc4 $1 {That was the idea behind 31...Ne5.} ({Of course not} 32... Qxe3 $2 33. Qd6+ Kf6 $2 34. Nd5#) 33. Rd3 $6 (33. Rf3 $1 Qxb7 34. Qd4 {would probably have finished off the game quickly.}) 33... Qxb7 34. Na4 {White had other ways to defend the a3-pawn, like 34.Qc1, but that one isn't bad.} Rhd8 35. Nc5 $4 {Finally a serious mistake by White! Magnus blunders his two extra pawns in just one move.} (35. Rxd8 Rxd8 36. Qe1 Nxa3+ 37. Ka2 {and White is just winning.}) 35... Rxd3 36. Nxd3 (36. Qxd3 Rxc5 {was surely missed by the Norwegian.}) 36... Nxa3+ 37. Kc1 $2 ({Better was} 37. Ka2 Nb5 38. Qg4 Qxe4 {which is around equal.}) 37... Qxe4 {Suddenly, material is equal and White's king is in trouble!} 38. Rf2 Qe3+ $2 (38... Qd4 $1 {would have won the game: White is defenseless against 39...Qa1+.}) 39. Kb2 Nc4+ 40. Ka2 Nd6 41. Qh5 {The white king could escape and White is more or less fine again.} Nf5 42. Re2 Qg1 43. Qf3 ({Of course not} 43. Qxf5 $4 Rxc2+ $1 {deflecting the white rook.}) 43... Qb6 44. Ne5 Qb5 {Black's position remains much easier to play.} 45. c4 $2 (45. Qe4 $1 {was necessary.}) 45... Qa4+ 46. Qa3 Qxa3+ 47. Kxa3 f6 {The c4-pawn falls and Black is technically winning. What a turnover in game 9 of the match!} 48. Nd3 Rxc4 49. Nc5 Nd4 50. Re4 a5 $5 51. Ka2 Rxb4 (51... axb4 $2 52. Nxe6 $1 {was the last trick to avoid.}) 52. Nd3 Nb5 $1 {A cute way to exchange rooks.} 53. Rxb4 (53. Nxb4 Nc3+ $19) 53... axb4 54. Nxb4 f5 55. Kb2 Kf6 56. Kc2 Nd4+ 57. Kd3 Nf3 58. h3 e5 59. Ke3 Nh4 60. Nd5+ Kg5 61. Ne7 Ng6 62. Nc8 Nf4 {Black's technical has been irreprochable. Now the h3-pawn falls as well.} 63. h4+ Kxh4 64. Ne7 Kg5 65. Kf3 Ng6 66. Nd5 e4+ 67. Ke3 Ne5 68. Kd4 Ng4 69. Nc7 Nh2 70. Ke3 Nf1+ 71. Kf2 Nd2 72. Ke3 Nc4+ 73. Kd4 Nd6 74. Ne6+ Kg4 75. Ke3 Kg3 76. Nd4 (76. Nf4 $2 Nc4+ $19) 76... f4+ 77. Ke2 Kg2 78. Ne6 f3+ 79. Ke3 Kg3 80. Nf4 Nc4+ $1 81. Kxe4 f2 82. Ne2+ Kg4 0-1

[Event "London Classic 11th"]
[Site "London"]
[Date "2019.12.04"]
[Round "1.10"]
[White "Vachier Lagrave, Maxime"]
[Black "Carlsen, Magnus"]
[Result "1/2-1/2"]
[WhiteElo "2780"]
[BlackElo "2872"]
[PlyCount "87"]
[EventDate "2019.12.02"]
[EventType "k.o."]
[EventRounds "2"]
[EventCountry "ENG"]
[SourceTitle "CBM 194"]
[Source "ChessBase"]
[SourceDate "2020.01.27"]
[SourceVersion "1"]
[SourceVersionDate "2020.01.27"]
[SourceQuality "1"]

1. e4 c5 2. Nf3 d6 3. Bb5+ Nd7 4. d4 cxd4 5. Qxd4 a6 6. Bxd7+ Qxd7 7. Nc3 e5 8. Qd3 Qc6 9. O-O Be6 10. Rd1 Rc8 11. a4 h6 12. Nd2 Nf6 13. Nf1 Be7 14. Ne3 O-O 15. Ncd5 Bxd5 16. exd5 Qd7 17. Nf5 Kh8 18. c4 e4 $146 ({RR} 18... Rfe8 19. Nxe7 Qxe7 20. b3 Nd7 21. Ba3 a5 22. Qc3 Ra8 23. Rac1 b6 24. Re1 f5 25. Qh3 Qf6 26. Rc2 g5 27. Rce2 Kh7 28. Qd3 Nc5 29. Qc2 Qg6 30. Qc3 f4 31. Bxc5 bxc5 32. Qc2 Rab8 33. Qxg6+ {Paszewski,M (2251)-Edouard,R (2653) Sitges 2019 0-1 (48)}) 19. Qh3 Nh7 20. b3 Bf6 21. Ra2 b5 22. axb5 axb5 23. cxb5 Ng5 24. Qg4 Qxb5 25. Bxg5 hxg5 26. Nxd6 Qxb3 27. Nxc8 Qxa2 28. Nd6 e3 29. Qh3+ Kg8 30. Qxe3 Rd8 31. Ne4 Rxd5 32. Nxf6+ gxf6 33. Rf1 Kg7 34. h3 Qc4 35. Qf3 Qd3 36. Qxd3 Rxd3 37. Re1 Rd6 38. Rf1 Rd7 39. Re1 Rd8 40. g4 Rd7 41. Kg2 Rd8 42. Kg1 Rd7 43. Kg2 Rd8 44. Kg1 1/2-1/2

[Event "London Classic 11th"]
[Site "London"]
[Date "2019.12.08"]
[Round "2.6"]
[White "Carlsen, Magnus"]
[Black "Aronian, Levon"]
[Result "1-0"]
[WhiteElo "2872"]
[BlackElo "2775"]
[PlyCount "109"]
[EventDate "2019.12.02"]
[EventType "k.o."]
[EventRounds "2"]
[EventCountry "ENG"]
[SourceTitle "CBM 194"]
[Source "ChessBase"]
[SourceDate "2020.01.27"]
[SourceVersion "1"]
[SourceVersionDate "2020.01.27"]
[SourceQuality "1"]

1. e4 c5 2. Nf3 d6 3. d4 cxd4 4. Nxd4 Nf6 5. Nc3 a6 6. a3 g6 7. f3 Bg7 8. Be3 b5 9. Qd2 h5 10. a4 b4 11. Na2 a5 12. c3 bxc3 13. Bb5+ Bd7 14. Nxc3 O-O 15. O-O $146 ({RR} 15. Qe2 e5 16. Nc2 Nc6 17. Rd1 Qb8 18. O-O Rc8 19. Rd2 Be6 20. Qf2 Bf8 21. Qh4 Nh7 22. Nd5 Bxd5 23. Rxd5 Ne7 24. Rd2 d5 25. exd5 Nf5 26. Qf2 Qd6 27. Kh1 Rab8 28. Rfd1 Nf6 29. Bg5 Ne8 {Alekseev,E (2639)-Fedoseev,V (2719) St Petersburg 2018 1-0 (55)}) 15... Na6 16. Nc6 Bxc6 17. Bxc6 Rb8 18. Bb5 Nc5 19. Rad1 Qc7 20. Kh1 Rfd8 21. Bg5 Qa7 22. Qf2 Rdc8 23. Be3 Qc7 24. e5 Nh7 25. Nd5 Qa7 26. Nxe7+ Qxe7 27. exd6 Qe5 28. f4 Qf5 29. d7 Ne4 30. dxc8=Q+ Qxc8 31. Qf3 Nhf6 32. Bd4 Qf8 33. Rfe1 Qb4 34. b3 Rd8 35. Bxf6 Rxd1 36. Rxd1 Bxf6 37. Bc4 Nd6 38. Qd5 Be7 39. Bd3 Kg7 40. g3 Qc3 41. Qe5+ Qxe5 42. fxe5 Nb7 43. Bc4 Nc5 44. Rf1 f5 45. exf6+ Bxf6 46. Rd1 Be7 47. Rd5 g5 48. Kg2 Kf6 49. Kf3 Kg6 50. Ke3 Kf6 51. h3 Kg6 52. g4 hxg4 53. hxg4 Kf6 54. Rf5+ Kg6 55. Kd4 1-0

[Event "London Classic 11th"]
[Site "London"]
[Date "2019.12.08"]
[Round "2.8"]
[White "Carlsen, Magnus"]
[Black "Aronian, Levon"]
[Result "0-1"]
[WhiteElo "2872"]
[BlackElo "2775"]
[PlyCount "128"]
[EventDate "2019.12.02"]
[EventType "k.o."]
[EventRounds "2"]
[EventCountry "ENG"]
[SourceTitle "CBM 194"]
[Source "ChessBase"]
[SourceDate "2020.01.27"]
[SourceVersion "1"]
[SourceVersionDate "2020.01.27"]
[SourceQuality "1"]

1. e4 e5 2. Nf3 Nc6 3. g3 d5 4. exd5 Qxd5 5. Nc3 Qd6 6. Bg2 Bg4 7. h3 Bh5 8. g4 Bg6 9. Nh4 O-O-O 10. d3 Nd4 11. Nxg6 hxg6 12. Ne4 Qd7 13. c3 Ne6 14. Qb3 $146 ({RR} 14. Ng5 Nc5 15. d4 f6 16. Be3 exd4 17. cxd4 Qb5 18. Qe2 Qb4+ 19. Kf1 fxg5 20. dxc5 Bxc5 21. a3 Qb6 22. Bxg5 Nf6 23. Bf3 Qb3 24. Bxf6 gxf6 25. Re1 Rde8 26. Be4 f5 27. Qf3 Qc4+ 28. Bd3 Rxe1+ {Boskovic,D (2451)-Sadhwani,R (2555) Veliko Gradiste 2021 0-1}) ({RR} 14. Ng5 Nc5 15. d4 f6 16. Be3 exd4 17. cxd4 Qb5 18. Qe2 Qb4+ 19. Kf1 fxg5 20. dxc5 Bxc5 21. a3 Qb6 22. Bxg5 Nf6 23. Bf3 Qb3 24. Bxf6 gxf6 25. Re1 Rde8 26. Be4 f5 27. Qf3 Qc4+ 28. Bd3 Rxe1+ {Boskovic,D (2451)-Sadhwani,R (2555) Veliko Gradiste 2021 0-1}) 14... Qxd3 15. Be3 Qa6 16. Bf1 Qc6 17. Bg2 Qa6 18. Bf1 Qc6 19. Qc4 Nf6 20. Qxc6 bxc6 21. Ba6+ Kb8 22. Ng5 Nxg5 23. Bxg5 Bc5 24. Ke2 Rd6 25. f3 Nd5 26. Rad1 f6 27. Bc1 g5 28. Rd3 Nf4+ 29. Bxf4 exf4 30. Kd2 Be3+ 31. Kc2 c5 32. Rxd6 cxd6 33. Bc4 Kc7 34. Bd5 a5 35. Kd3 Kb6 36. Kc4 Bf2 37. Rh2 Be3 38. Be4 Bg1 39. Rd2 Kc7 40. Kb5 Rxh3 41. Kxa5 g6 42. Rd1 Be3 43. Rf1 Rh2 44. b4 Rxa2+ 45. Kb5 cxb4 46. cxb4 f5 47. gxf5 gxf5 48. Bxf5 d5 49. Rh1 Kd6 50. Rh5 Rb2 51. Rxg5 Bd2 52. Rg6+ Ke5 53. Bd3 Kd4 54. Bf5 Bxb4 55. Kc6 Ra2 56. Rg4 Bd2 57. Rg1 Ra6+ 58. Kb5 Ra3 59. Bg4 Rc3 60. Rh1 Ke3 61. Rh8 d4 62. Rd8 d3 63. Bf5 Be1 64. Re8+ Kf2 0-1

[Event "Tata Steel-A 82nd"]
[Site "Wijk aan Zee"]
[Date "2020.01.12"]
[Round "2"]
[White "Yu, Yangyi"]
[Black "Carlsen, Magnus"]
[Result "1/2-1/2"]
[WhiteElo "2726"]
[BlackElo "2872"]
[PlyCount "61"]
[EventDate "2020.01.11"]
[EventType "tourn"]
[EventRounds "13"]
[EventCountry "NED"]
[EventCategory "20"]
[SourceTitle "CBM 194"]
[Source "ChessBase"]
[SourceDate "2020.01.27"]
[SourceVersion "1"]
[SourceVersionDate "2020.01.27"]
[SourceQuality "1"]

1. e4 c5 2. Nf3 d6 3. d4 cxd4 4. Nxd4 Nf6 5. Nc3 a6 6. Be3 e5 7. Nf3 Be7 8. Bc4 O-O 9. O-O Nc6 10. Bb3 Na5 11. Bg5 Nxb3 12. axb3 Be6 13. Bxf6 Bxf6 14. Nd5 Rc8 15. c4 Bg5 ({RR} 15... Be7 16. Qd3 f5 17. Nxe7+ Qxe7 18. Nd2 g6 19. f3 Qc7 20. Qe3 Kg7 21. f4 Rce8 22. Qc3 Bd7 23. Rae1 Rf6 24. b4 b6 25. Qd3 Kh8 26. b3 a5 27. bxa5 bxa5 28. h3 Qc5+ 29. Kh2 exf4 30. Rxf4 {Anissimova,M (1901)-Bashylina,L (2175) Augsburg GER 2025 0-1 (51)}) 16. Nxg5 Qxg5 17. Qd3 Bxd5 $146 ({RR} 17... Kh8 18. Qe3 h6 19. Rfd1 Rc5 20. Qxg5 hxg5 21. Ne3 Rc6 22. f3 g6 23. g4 Kg7 24. Kg2 Rb8 25. Rd2 b5 26. Rc1 bxc4 27. bxc4 Rb3 28. Kf2 Rcb6 29. Rcc2 a5 30. Nd1 Rc6 31. Ne3 a4 32. Ke2 {Wacker,P (2299)-Neverov,V (2502) Bad Wiessee 2015 ½-½ (51)}) 18. Qxd5 Rc6 19. Rfd1 Rfc8 20. Rd3 Qe7 21. g3 g6 22. Rad1 Qc7 23. Rc3 Kg7 24. Kg2 Re8 25. Qd3 Rb8 26. Rdc1 h5 27. h4 Qe7 28. Rd1 Qc7 29. Rdc1 Qe7 30. Rd1 Qc7 31. Rdc1 1/2-1/2

[Event "Tata Steel-A 82nd"]
[Site "Wijk aan Zee"]
[Date "2020.01.14"]
[Round "4"]
[White "Van Foreest, Jorden"]
[Black "Carlsen, Magnus"]
[Result "1/2-1/2"]
[WhiteElo "2644"]
[BlackElo "2872"]
[PlyCount "89"]
[EventDate "2020.01.11"]
[EventType "tourn"]
[EventRounds "13"]
[EventCountry "NED"]
[EventCategory "20"]
[SourceTitle "CBM 194"]
[Source "ChessBase"]
[SourceDate "2020.01.27"]
[SourceVersion "1"]
[SourceVersionDate "2020.01.27"]
[SourceQuality "1"]

1. e4 e5 2. Nf3 Nc6 3. Bc4 Nf6 4. Ng5 d5 5. exd5 Na5 6. Bb5+ c6 7. dxc6 bxc6 8. Bd3 Nd5 9. Nf3 Bd6 10. Nc3 O-O 11. Be2 Nf4 12. O-O Bg4 13. d3 Nxe2+ 14. Qxe2 f5 15. h3 Bh5 16. g4 fxg4 17. Ng5 Qd7 18. Nce4 Be7 $146 ({RR} 18... Bc7 19. Ng3 g6 20. Nxh5 gxh5 21. hxg4 hxg4 22. Kg2 Bb6 23. Be3 Qd5+ 24. Ne4 Rf3 25. Bxb6 axb6 26. Rh1 Rf4 27. Rh4 Kh8 28. Rah1 Ra7 29. b3 Raf7 30. Kf1 Rg7 31. Qe3 Nb7 32. Rh5 Nd8 33. Nc3 {Van Foreest,J (2697)-Mamedyarov,S (2746) Samarkand UZB 2025 1-0 (50)}) 19. Ng3 Bg6 20. Qxg4 Qxg4 21. hxg4 c5 22. N5e4 Nc6 23. Be3 Nd4 24. Rac1 Rac8 25. Kg2 c4 26. Bxd4 exd4 27. f3 Rc6 28. b3 Ba3 29. Rce1 cxd3 30. cxd3 a5 31. Rf2 Bc1 32. Nd2 Bxd3 33. Nc4 Bf4 34. Ne5 Rc3 35. Nxd3 Rxd3 36. Nf5 g6 37. Re4 Bg5 38. Ne7+ Kh8 39. Nc6 Be3 40. Re2 Rd1 41. Nxa5 Rg1+ 42. Kh2 Rc1 43. Kg2 Rg1+ 44. Kh2 Rc1 45. Kg2 1/2-1/2

[Event "Tata Steel-A 82nd"]
[Site "Wijk aan Zee"]
[Date "2020.01.16"]
[Round "5"]
[White "Carlsen, Magnus"]
[Black "Dubov, Daniil"]
[Result "1/2-1/2"]
[WhiteElo "2872"]
[BlackElo "2683"]
[PlyCount "93"]
[EventDate "2020.01.11"]
[EventType "tourn"]
[EventRounds "13"]
[EventCountry "NED"]
[EventCategory "20"]
[SourceTitle "CBM 194"]
[Source "ChessBase"]
[SourceDate "2020.01.27"]
[SourceVersion "1"]
[SourceVersionDate "2020.01.27"]
[SourceQuality "1"]

1. e4 c5 2. Nf3 Nc6 3. Bb5 g6 4. O-O Bg7 5. Re1 e5 6. Bxc6 dxc6 7. d3 Qe7 8. a4 Nf6 9. Bg5 ({RR} 9. a5 O-O 10. Be3 Rd8 11. Qc1 c4 12. Ra3 cxd3 13. cxd3 Nh5 14. Bg5 Bf6 15. Bxf6 Qxf6 16. Qc5 Re8 17. Nbd2 Bg4 18. h3 Bxf3 19. Nxf3 Nf4 20. Kh2 b6 21. axb6 axb6 22. Rxa8 bxc5 23. Rxe8+ Kg7 {Nepomniachtchi,I (2755)-Carlsen,M (2831) New York USA 2024 0-1 (57)}) 9... h6 10. Be3 O-O 11. h3 $146 ({RR} 11. Na3 Bg4 12. h3 Bxf3 13. Qxf3 Nd7 14. Nc4 Rfd8 15. g3 Nf8 16. Kg2 Ne6 17. Qe2 b5 18. Nd2 h5 19. axb5 cxb5 20. Ra5 Qb7 21. Rea1 a6 22. Nf3 Re8 23. Kg1 Nd4 24. Nxd4 exd4 25. Bf4 Re6 {Dubov,D (2708)-Melkumyan,H (2645) chess.com INT 2023 0-1 (38)}) ({RR} 11. Na3 Bg4 12. Nc4 Ne8 13. Qd2 Kh7 14. Qa5 Bxf3 15. gxf3 Qh4 16. Qxc5 Qh3 17. Nxe5 f6 18. Nc4 Qxf3 19. Nd2 Qh3 20. Kh1 f5 21. Rg1 f4 22. Bd4 Nf6 23. f3 Nh5 24. Bf2 Rad8 25. Rg2 Rfe8 {Yaniv,Y (2410)-Hercegovac,N (2242) Trieste ITA 2025 1-0 (45)}) 11... b6 12. a5 Ba6 13. Qd2 Kh7 14. Qc3 Nd7 15. axb6 axb6 16. Nbd2 f5 17. Nc4 Qe6 18. Qb3 fxe4 19. Nfd2 exd3 20. cxd3 e4 21. Nxe4 Bxc4 22. Qxc4 Qd5 23. Rxa8 Rxa8 24. Qc2 Ne5 25. Rd1 Rd8 26. Nc3 Qd7 27. b3 Qf5 28. Ne4 Rd5 29. Nc3 Rxd3 30. Rxd3 Qxd3 31. Qxd3 Nxd3 32. Na4 c4 33. bxc4 b5 34. cxb5 cxb5 35. Nc5 Nxc5 36. Bxc5 Kg8 37. Kf1 Kf7 38. Ke2 Ke6 39. Kd3 Kd5 40. Bb4 Bd4 41. f4 Bc5 42. Bd2 Bf8 43. g4 b4 44. h4 h5 45. gxh5 gxh5 46. Bxb4 Bxb4 47. Ke3 1/2-1/2

[Event "Tata Steel-A 82nd"]
[Site "Wijk aan Zee"]
[Date "2020.01.18"]
[Round "7"]
[White "Anand, Viswanathan"]
[Black "Carlsen, Magnus"]
[Result "1/2-1/2"]
[WhiteElo "2758"]
[BlackElo "2872"]
[PlyCount "107"]
[EventDate "2020.01.11"]
[EventType "tourn"]
[EventRounds "13"]
[EventCountry "NED"]
[EventCategory "20"]
[SourceTitle "CBM 194"]
[Source "ChessBase"]
[SourceDate "2020.01.27"]
[SourceVersion "1"]
[SourceVersionDate "2020.01.27"]
[SourceQuality "1"]

1. e4 c5 2. Nf3 Nc6 3. Bb5 g6 4. O-O Bg7 5. c3 Nf6 6. Re1 O-O 7. d4 a6 8. Bd3 d5 9. e5 Ne8 $146 ({RR} 9... Ne4 10. Be3 Qb6 11. Nbd2 Bf5 12. Qc2 Nxd2 13. Qxd2 Bg4 14. Be2 e6 15. dxc5 Qc7 16. Nd4 Bxe2 17. Rxe2 Bxe5 18. Bh6 Rfe8 19. Rae1 Bf6 20. Bf4 Qd7 21. Nf3 Bg7 22. h4 f6 23. Bd6 b6 24. b4 {Tsaknakis,Z (2339)-Krallis,C (2383) Thessaloniki GRE 2025 ½-½ (35)}) ({RR} 9... Ne4 10. Be3 Qb6 11. Qc2 cxd4 12. cxd4 Bf5 13. Nc3 Nxc3 14. bxc3 Bxd3 15. Qxd3 Na5 16. h4 Qe6 17. Ng5 Qg4 18. f3 Qxh4 19. Re2 Nc4 20. g3 Qxg3+ 21. Rg2 Qh4 22. Rh2 Qg3+ 23. Kh1 Nxe5 24. dxe5 {Grandelius,N (2659)-Anton Guijarro,D (2697) Prague 2020 0-1 (67)}) 10. dxc5 Bg4 11. Be2 Nc7 12. Nbd2 a5 13. h3 Bc8 14. Bd3 Ne6 15. Nb3 a4 16. Nbd4 Nxc5 17. Bc2 Qa5 18. Bd2 Rd8 19. Qc1 Ne6 20. b4 Qc7 21. Nxc6 bxc6 22. Be3 c5 23. bxc5 Nxc5 24. Qa3 Ne6 25. Rab1 d4 26. Nxd4 Bxe5 27. Nb5 Qc6 28. Rb4 Bb7 29. Be4 Qd7 30. Bxb7 Qxb7 31. Rxa4 Bf4 32. Rxa8 Rxa8 33. Qb3 Bxe3 34. Rxe3 Nf4 35. Rf3 Qe4 36. Kh2 Nd5 37. c4 Qe5+ 38. g3 Nf6 39. a3 Ne4 40. Qc2 Ng5 41. Re3 Qc5 42. h4 Ne6 43. Qe2 Rc8 44. Rc3 h5 45. Kg2 Kf8 46. Qe4 Kg8 47. Qd5 Qb6 48. a4 Qa6 49. c5 Qxa4 50. c6 Rd8 51. Qc4 Qxc4 52. Rxc4 Rb8 53. c7 Rc8 54. Rc1 1/2-1/2